000 00879nam a2200253Ia 4500
003 OSt
005 20221005111731.0
006 a|||||r|||| 00| 0
007 ta
008 221004b |||||||| |||| 00| 0 san d
024 _a32981
037 _cTextual
040 _aCRL
_cCRL
_bsan
041 _2san
_asan
082 _aO15,2:g, L2
100 _aशर्मा, वीरबाला
245 0 _aसंस्कृत में एकांकी रुपक
246 _aSanskṛut mean ekāankī rupaka
260 _aभोपाल
_bमध्यप्रदेश हिन्दी ग्रन्थ अकादमी भारत
_c1972
300 _a383पृ.
_ccm.
650 _aसंस्कृत साहित्य
942 _hO15,2:g, L2
_cTEXL
_2cc
999 _c1022731
_d1022731